| 000 -LEADER |
| fixed length control field |
01010nam a22002177a 4500 |
| 005 - DATE AND TIME OF LATEST TRANSACTION |
| control field |
20260302093810.0 |
| 008 - FIXED-LENGTH DATA ELEMENTS--GENERAL INFORMATION |
| fixed length control field |
260302s1982 enk||||| |||| 00| 0 eng d |
| 020 ## - INTERNATIONAL STANDARD BOOK NUMBER |
| International Standard Book Number |
9780804712064x |
| 041 ## - LANGUAGE CODE |
| Language code of text/sound track or separate title |
eng |
| 080 ## - UNIVERSAL DECIMAL CLASSIFICATION NUMBER |
| Universal Decimal Classification number |
338.2: 330.35(520) J-74 |
| 100 ## - MAIN ENTRY--PERSONAL NAME |
| Personal name |
Johnson, Chalmers. |
| 9 (RLIN) |
27023 |
| 245 ## - TITLE STATEMENT |
| Title |
MITI and the Japanese miracle : |
| Remainder of title |
the growth of industrial policy, 1925-1975 / |
| Statement of responsibility, etc. |
Chalmers Johnson. |
| 264 ## - PRODUCTION, PUBLICATION, DISTRIBUTION, MANUFACTURE, AND COPYRIGHT NOTICE |
| Place of production, publication, distribution, manufacture |
Stanford : |
| Name of producer, publisher, distributor, manufacturer |
Stanford Univ. press, |
| Date of production, publication, distribution, manufacture, or copyright notice |
1982. |
| 300 ## - PHYSICAL DESCRIPTION |
| Extent |
393 p. ; |
| Other physical details |
23 cm. |
| 500 ## - GENERAL NOTE |
| General note |
Bibliogr.: p. 367-380. |
| 653 ## - INDEX TERM--UNCONTROLLED |
| keyword |
იაპონიის ეკონომიკური პოლიტიკა. |
| 653 ## - INDEX TERM--UNCONTROLLED |
| keyword |
იაპონიის ეკონომიკური ზრდა-განვითარება |
| 653 ## - INDEX TERM--UNCONTROLLED |
| keyword |
იაპონიის მრეწველობა |
| 653 ## - INDEX TERM--UNCONTROLLED |
| keyword |
იაპონიის საგარეო ვაჭრობისა და მრეწველობის სამინისტრო |
| 942 ## - ADDED ENTRY ELEMENTS (KOHA) |
| Source of classification or shelving scheme |
|
| Koha item type |
წიგნი |